| 000 | 00791nam a22002177a 4500 | ||
|---|---|---|---|
| 005 | 20240530110543.0 | ||
| 008 | 160518s2013 su a f b 000 0 ara d | ||
| 017 |
_a1431/5602 _bالسعودية . مكتبة الملك فهد الوطنية |
||
| 020 | _a9786038005293 | ||
| 040 | _aEG-CaGPL | ||
| 082 | 0 | 4 |
_221 _a371.912\ _bع ا |
| 100 | 0 | _aعمرو رفعت على | |
| 245 | 1 | 0 |
_aاستراتيجيات التدريس لذوى الاعاقة السمعية / _cعمرو رفعت على |
| 250 | _aط. 1 | ||
| 260 |
_aالرياض : _bدار الزهراء ، _c2013 . |
||
| 300 |
_a436 ص. : _bجداول ؛ _c24 سم . |
||
| 504 | _aيشتمل على ارجاعات ببليوجرافية | ||
| 650 | 0 | 4 |
_aالصم _xتعليم |
| 650 | 0 | 4 |
_aالبكم _xتعليم |
| 942 |
_2ddc _cBK |
||
| 999 |
_c62294 _d62294 |
||